| 000 | 01237cam a2200313 i 4500 | ||
|---|---|---|---|
| 001 | 16131 | ||
| 003 | DO-SdUEMH | ||
| 005 | 20260108141748.0 | ||
| 007 | ta | ||
| 008 | 211105s2013 dr a|||gr|||| 000 0 spa|d | ||
| 020 | _a9789945015041 | ||
| 040 |
_aDO-SdUEMH _bspa _erda |
||
| 041 | _aspa | ||
| 082 | 0 | 4 |
_mRD _aRD304.87293 _bM978a |
| 084 | _b14-00086 | ||
| 100 |
_aMURPHY, MARTiN _eaut |
||
| 245 | 1 | 0 |
_aAnálisis comparativo de las condiciones socioeconómicas de las poblaciones de inmigrantes, descendientes de inmigrantes y población nativa: estudios complementarios ENI-2014 / _cMartin Murphy |
| 260 | _c2013 | ||
| 264 | 0 | 1 |
_aSanto Domingo, República Dominicana : _bUnión europea, _c2013 |
| 264 | 0 | 1 |
_aSanto Domingo, República Dominicana : _bFondo de población de las Naciones Unidas (UNFPA) _c2013 |
| 300 |
_a68 paginas : _bIlustraciones ; _c23 cm. |
||
| 336 |
_2rdacontent _atexto _btxt |
||
| 337 |
_2rdamedia _asin mediación _bn |
||
| 338 |
_2rdacarrier _avolumen _bnc |
||
| 504 | _aBibliografías en paginas 63-64-65-66 | ||
| 505 | 2 | _aPresentación -- Introducción -- Notas metodológicas -- Hallazgos principales -- Integración a la sociedad -- Conclusiones y recomendaciones. | |
| 942 |
_2ddc _cBK _n0 |
||
| 999 |
_c16131 _d16131 |
||